Central Library OPAC University of Rajshahi

Prose literature, 1945-1950 / (Record no. 20229)

MARC details
000 -LEADER
fixed length control field 00804cam a2200241u 4500
001 - CONTROL NUMBER
control field 20229
003 - CONTROL NUMBER IDENTIFIER
rucl marc code BD-RjUL
005 - DATE AND TIME OF LATEST TRANSACTION
control field 20211209000534.0
008 - FIXED-LENGTH DATA ELEMENTS--GENERAL INFORMATION
fixed length control field 140227s1951 enka 000 0 eng
035 ## - SYSTEM CONTROL NUMBER
System control number (BD-RjUL)20291
040 ## - CATALOGING SOURCE
Original cataloging agency DLC
Transcribing agency CarP
Modifying agency DLC
-- BD-RjUL
Language of cataloging eng
041 ## - LANGUAGE CODE
Language code of text/sound track or separate title eng
082 ## - DEWEY DECIMAL CLASSIFICATION NUMBER
Classification number 820.9
Author mark and year PRP 1951
100 1# - MAIN ENTRY--PERSONAL NAME
Personal name Pryce-Jones, Alan,
Dates associated with a name 1908-2000.
9 (RLIN) 62359
245 10 - TITLE STATEMENT
Title Prose literature, 1945-1950 /
Statement of responsibility, etc. by Alan Pryce-Jones.
260 ## - PUBLICATION, DISTRIBUTION, ETC. (IMPRINT)
Place of publication, distribution, etc. London ;
-- New York :
Name of publisher, distributor, etc. Published for the British Council by Longmans, Green,
Date of publication, distribution, etc. 1951.
300 ## - PHYSICAL DESCRIPTION
Pagination 44 p. :
Illustrations illus. ;
Size 21 cm.
504 ## - BIBLIOGRAPHY, ETC. NOTE
Bibliography, etc Includes bibliographical references.
650 #0 - SUBJECT ADDED ENTRY--TOPICAL TERM
Topical term or geographic name as entry element English prose literature
Chronological subdivision 20th century
General subdivision History and criticism. [from old catalog]
9 (RLIN) 62360
942 ## - ADDED ENTRY ELEMENTS (KOHA)
Source of classification or shelving scheme Dewey Decimal Classification
Koha item type Books
Holdings
Lost status Source of classification or shelving scheme Damaged status Not for loan Collection code Permanent Location Current Location Shelving location Date acquired Source of acquisition Cost, normal purchase price Total Checkouts Full call number Date last seen Copy number Koha item type
  Dewey Decimal Classification     Non-fiction Central Library, University of Rajshahi Central Library, University of Rajshahi   22/01/1955 N. B. P., Dacca 1.90   820.9 PRP 1951 27/02/2014 C-2 Books
  Dewey Decimal Classification   Not For Loan Non-fiction Central Library, University of Rajshahi Central Library, University of Rajshahi Reading Room 23/02/2020       820.9 PRP 1951 23/02/2020 C-1 Books
  Dewey Decimal Classification     Non-fiction Central Library, University of Rajshahi Central Library, University of Rajshahi   23/02/2020       820.9 PRP 1951 23/02/2020 C-3 Books